Online Catalogue and eLibrary

The political economy of underdevelopment / (Record no. 5869)

MARC details
000 -LEADER
fixed length control field 00521cam a2200193 a 4500
001 - CONTROL NUMBER
control field 2788095
005 - DATE AND TIME OF LATEST TRANSACTION
control field 20240401033309.0
008 - FIXED-LENGTH DATA ELEMENTS--GENERAL INFORMATION
fixed length control field 810826s1982 enk b 001 0 eng
020 ## - INTERNATIONAL STANDARD BOOK NUMBER
ISBN 0710002733
040 ## - CATALOGING SOURCE (பட்டியலாக்க மூலம்)
Original cataloging agency DLC
Transcribing agency DLC
Modifying agency DLC
082 00 - DDC Classification
Class No. 330.9.
DDC Edition Number 19
Item Number - Author Mark THE.
100 1# - MAIN ENTRY--PERSONAL NAME
Personal name De Silva, S. B. D.,
245 14 - TITLE STATEMENT
Title The political economy of underdevelopment /
Statement of responsibility, etc. S.B.D. de Silva.
260 ## - PUBLICATION, DISTRIBUTION, ETC.
Place of publication, distribution, etc. London ;
Name of publisher, distributor, etc. Routledge & K. Paul,
Date of publication, distribution, etc. 1982.
300 ## - PHYSICAL DESCRIPTION
Extent (e.g. Volumes, Pages etc.) viii, 1182 p. ;
650 #0 - SUBJECT ADDED ENTRY--TOPICAL TERM
Topical term or geographic name entry element Plantations.
650 #0 - SUBJECT ADDED ENTRY--TOPICAL TERM
Topical term or geographic name entry element Labor supply
942 ## - Koha item type (Biblio)
Koha item type Books in Stacks (Lending)

No items available.

© WERC Library